A propósito de los intentos de reforma de la Hacienda castellana en el siglo XVIII (Record no. 53639)
[ view plain ]
| 000 -CABECERA | |
|---|---|
| campo de control de longitud fija | 00880nab#a2200277#c#4500 |
| 003 - IDENTIFICADOR DEL NÚMERO DE CONTROL | |
| campo de control | IEF |
| 005 - FECHA Y HORA DE LA ÚLTIMA TRANSACCIÓN | |
| campo de control | 20191205102431.0 |
| 008 - CÓDIGOS DE INFORMACIÓN DE LONGITUD FIJA | |
| campo de control de longitud fija | 950704s1976 uuu|| #####0 b| |u |
| 040 ## - FUENTE DE LA CATALOGACIÓN | |
| Centro catalogador de origen | IEF |
| Centro transcriptor | ES-MaIEF |
| 100 1# - PUNTO DE ACCESO PRINCIPAL - NOMBRE DE PERSONA | |
| Nombre de persona | Llombart Rosa, Vicente |
| 9 (RLIN) | 7197 |
| 245 ## - MENCIÓN DE TÍTULO | |
| Título | A propósito de los intentos de reforma de la Hacienda castellana en el siglo XVIII |
| Resto del título | Campomanes frente al proyecto de Unica Contribución |
| Mención de responsabilidad etc. | Vicente Llombart |
| 260 ## - PUBLICACIÓN, DISTRIBUCIÓN, ETC. (PIE DE IMPRENTA) | |
| Fecha de publicación distribución etc. | 1976 |
| 500 ## - NOTA GENERAL | |
| Nota general | Bibliografía |
| 650 #4 - PUNTO DE ACCESO ADICIONAL DE MATERIA--TÉRMINO DE MATERIA | |
| Término de materia o nombre geográfico como elemento inicial | HISTORIA ECONOMICA |
| 9 (RLIN) | 45401 |
| 650 #4 - PUNTO DE ACCESO ADICIONAL DE MATERIA--TÉRMINO DE MATERIA | |
| Término de materia o nombre geográfico como elemento inicial | ESPAÑA |
| 9 (RLIN) | 41092 |
| 650 #4 - PUNTO DE ACCESO ADICIONAL DE MATERIA--TÉRMINO DE MATERIA | |
| Término de materia o nombre geográfico como elemento inicial | CASTILLA Y LEON |
| 9 (RLIN) | 33553 |
| 650 #4 - PUNTO DE ACCESO ADICIONAL DE MATERIA--TÉRMINO DE MATERIA | |
| Término de materia o nombre geográfico como elemento inicial | CASTILLA LA MANCHA |
| 9 (RLIN) | 33552 |
| 650 #4 - PUNTO DE ACCESO ADICIONAL DE MATERIA--TÉRMINO DE MATERIA | |
| Término de materia o nombre geográfico como elemento inicial | HACIENDA PUBLICA |
| 9 (RLIN) | 50201 |
| 650 #4 - PUNTO DE ACCESO ADICIONAL DE MATERIA--TÉRMINO DE MATERIA | |
| Término de materia o nombre geográfico como elemento inicial | REFORMA |
| 9 (RLIN) | 10750 |
| 650 #4 - PUNTO DE ACCESO ADICIONAL DE MATERIA--TÉRMINO DE MATERIA | |
| Término de materia o nombre geográfico como elemento inicial | SIGLO XVIII |
| 9 (RLIN) | 48419 |
| 650 #4 - PUNTO DE ACCESO ADICIONAL DE MATERIA--TÉRMINO DE MATERIA | |
| Término de materia o nombre geográfico como elemento inicial | UNICA CONTRIBUCION |
| 9 (RLIN) | 48641 |
| 773 0# - ENLACE AL DOCUMENTO FUENTE | |
| Título | Hacienda pública española |
| Número de control del registro relacionado | 34570 |
| Parte(s) relacionada(s) | 38, p. 123-132 |
| 942 ## - ELEMENTOS DE PUNTO DE ACCESO ADICIONAL (KOHA) | |
| Fuente del sistema de clasificación o colocación | |
| 942 ## - ELEMENTOS DE PUNTO DE ACCESO ADICIONAL (KOHA) | |
| Fuente del sistema de clasificación o colocación | |
| Estado de retiro | Estado de pérdida | Estado dañado | No para préstamo | Localización permanente | Fecha de adquisición | Signatura topográfica completa | Código de barras | Fecha visto por última vez | Precio válido a partir de | Tipo de ítem Koha |
|---|---|---|---|---|---|---|---|---|---|---|
| Disponible para préstamo | IEF | 1995-07-04 | HPE/1976/38-8 | HPE/1976/38-8 | 2018-02-19 | 2018-02-19 | Artículos |